| 000 | 00391nam a2200133Ia 4500 | ||
|---|---|---|---|
| 008 | 211109s9999||||xx |||||||||||||| ||und|| | ||
| 082 |
_a894.8123 _bKES-K |
||
| 100 | _aKesavamenon [k P], | ||
| 245 | 0 | _aKazhinga Kalam | |
| 260 |
_bMathrubhumi _aKozhikode _c1957 |
||
| 630 | _xGeneral Stack | ||
| 650 |
_aLiterature & rhetoric _vmalayalam literaturemalayalam stories _xGeneralia |
||
| 942 | _cBOOK | ||
| 999 |
_c19577 _d19577 |
||